000 02926cam a2200385 4500500
005 20260111114727.0
041 _afre
042 _adc
100 1 0 _aBarus-Michel, Jacqueline
_eauthor
245 0 0 _aInceste et pédophilie, quelle jouissance, quel interdit ?
260 _c2007.
500 _a100
520 _aRésuméPourquoi la pédophilie révolte-t-elle plus que toute autre violence sexuelle ? L’interdit est généralisé, mais les faits divers révèlent l’ampleur des pratiques. Le désir sexuel éveillé par l’enfant est entretenu chez les parents par une promiscuité obligée avec lui ; ce désir est ordinairement refoulé et converti en tendresse. Mythes, légendes et contes mettent en scène des figures parentales monstrueuses dont les enfants sont les proies, alors que le complexe d’Œdipe inventé par Freud inverse les termes du désir incestueux. Le crime est d’autant plus réprimé qu’il viole un interdit fondateur du social, porté symboliquement par le Groupe qui s’interpose entre enfants et adultes. Les passages à l’acte peuvent être compris comme la réactivation d’un éprouvé de jouissance archaïque favorisé par la coïncidence d’une fragilité psychique et l’occurrence d’une promiscuité sociale entre des enfants et des adultes.
520 _aWhy pedophilia revolts more than any other sexual violence ? The interdict is widespread, but news items reveal the fullness of the practices. Sexual desire awakened by the child is kept up with the parents by our obliged promiscuity with him, this desire is usually repressed and turned into tenderness. Myths, legends and tales stage monstrous parental figures of which children are the prey, whereas the Oedipus complex discovered by Freud reverses the terms of the incestuous desire. The crime is all the more repressed as it breaks a founding interdict of the social order, symbolically carried by the Group that intervenes between children and adults. Acting out may be understood as the reactivation of a feeling of an archaic enjoyment favored by the coincidence of a psychic fragility and the occurrence of a social promiscuity between children and adults.
690 _acontes
690 _acrime
690 _aimaginaire social
690 _ainceste
690 _ainterdit
690 _ajouissance
690 _amythe d'Œdipe
690 _apédophilie
690 _apromiscuité parentale et sociale
690 _acrime
690 _aenjoyment
690 _aincest
690 _ainterdict
690 _aŒdipus myth
690 _apedophilia
690 _asocial and parental promiscuity
690 _asocial imaginary
690 _atales
786 0 _nNouvelle revue de psychosociologie | 3 | 1 | 2007-04-28 | p. 209-223 | 1951-9532
856 4 1 _uhttps://shs.cairn.info/revue-nouvelle-revue-de-psychosociologie-2007-1-page-209?lang=fr&redirect-ssocas=7080
999 _c1633453
_d1633453